000 00330nam a2200145Ia 4500
003 OSt
005 20240322105131.0
008 170524s9999 xx 000 0 und d
020 _a978-8120310124
040 _cIIMT
100 _aKANTER- J
245 0 _aMANAGING WITH INFORMATION
260 _bHIMALYA PUB. HOUSE
942 _2ddc
_c02
999 _c8049
_d8049